000
00299nam a22001337a 4500
008
190225b xxu||||| |||| 00| 0 eng d
020
_a
9780201504101
041
_a
eng
080
_2
2nd
_a
338
100
_a
53
101
_a
MO
245
_a
Operations Management
_c
Krajewski,L.J
942
_2
udc
_c
BK
999
_c
54173
_d
54173